000 00718nam a2200241 i 4500
001 000032237
003 DO-SdBNP
005 20241115095651.0
007 ta
008 110713s1968 dr c 000 | spa d
040 _aDO-SdBNP
_bspa
_cBNPHU
_erda
082 _axxx
_bM832p
_222
100 1 _aMorbán Laucer, Fernando A
_eautor
_958302
245 1 4 _aLos paredones :
_bun santuario prehistórico /
_cFernando A Morbán Laucer.
264 _aSanto Domingo :
_bUASD,
_c1968.
300 _a19 páginas :
_bretratos. ;
_c21 cm.
336 _ardacontent
_btexto
_2txt
337 _ardamedia
_bsin mediación
_2n
338 _ardacarrier
_bvolumen
_2nc
590 _aInventariado, 2024/DG
910 _aDG
942 _2ddc
_cLBS1
999 _c31728
_d31728